00987nmc a2200289 a 4500003000900000005001700009008004100026020001800067040001300085100002000098245009300118250001200211260004400223300003200267490003300299500003700332500010300369500006600472650001300538650002200551650002200573650002700595650002500622650002400647650001500671710001100686AR-BaBNM20251128204753.0195119s1993 ||||||||||||||000 | spa|| a84-87567-52-5 cAR-BaBNM1 aBenett, Dean B.10aEvaluación de un programa de educación ambientalbguía práctica para el profesor a1ª ed. aBilbaobLos Libros de la Cataratac19930 a88 p.bcuadros, il., tablas 0aEducación ambientalvv. 120 aContiene apéndices en p. 79-880 aEsta edición cuenta con el aval del Programa Internacional de Educación Ambiental Unesco-PNUMA0 aPNUMA: Programa de las Naciones Unidas para el Medio Ambiente 4aECOLOGIA 4aCALIDAD AMBIENTAL 4aGESTION AMBIENTAL 4aMEDIO AMBIENTE NATURAL 4aMETODOS DE ENSENANZA 4aEDUCACION AMBIENTAL 4aEVALUACION2 aUNESCO